Review of the military exchanges and commissaries and related activities : hearings, Ninety-first Congress, second session.

Bibliographic Details
Corporate Authors: United States. Congress. House. Committee on Armed Services. Special Subcommittee on Exchanges and Commissaries, ProQuest (Firm)
Format: Government Document eBook
Language:English
Published: [Washington] : [U.S. Govt. Print. Off], [1970]
Series:U.S. Congressional Hearings.
Subjects:
Online Access:Connect to the full text of this electronic book

MARC

Tag First Indicator Second Indicator Subfields
LEADER 00000cam a22000001a 4500
001 in00003206749
006 m d f
007 cr bn mmmapmmp
008 090922s1970 dcua o f000 0 eng d
005 20260604204033.0
035 |a cis2007435144 
040 |a UMI  |c UMI  |d UtOrBLW 
043 |a n-us--- 
086 0 |a Y 4.Ar 5/2 a:969-70/81 
099 |a HRG-1970-ASH-0007 
110 1 |a United States.  |b Congress.  |b House.  |b Committee on Armed Services.  |b Special Subcommittee on Exchanges and Commissaries. 
245 1 0 |a Review of the military exchanges and commissaries and related activities :  |b hearings, Ninety-first Congress, second session. 
264 1 |a [Washington] :  |b [U.S. Govt. Print. Off],  |c [1970] 
300 |a 1 online resource. 
336 |a text  |b txt  |2 rdacontent 
337 |a computer  |b c  |2 rdamedia 
338 |a online resource  |b cr  |2 rdacarrier 
500 |a Record is based on bibliographic data in ProQuest Congressional Hearings Digital Collection. Reuse except for individual research requires license from ProQuest, LLC. 
538 |a System requirements: PDF reader software. 
500 |a Electronic resource. 
650 0 |a Military exchanges  |z United States. 
651 0 |a United States  |x Armed Forces  |x Commissariat. 
655 7 |a Electronic books.  |2 local 
710 2 |a ProQuest (Firm) 
776 0 8 |i Print version:  |a United States. Congress. House. Committee on Armed Services. Special Subcommittee on Exchanges and Commissaries.  |t Review of the military exchanges and commissaries and related activities  |w (DLC)74610653 //r92 
776 0 8 |i Microfiche version:  |a United States. Congress. House. Committee on Armed Services. Special Subcommittee on Exchanges and Commissaries.  |t Review of the military exchanges and commissaries and related activities.  |d [Bethesda, Md.] : ProQuest,[2004]  |o CIS 70 H202-27  |o CIS 71 H201-6  |w (ProQuest)cis07000186 
830 0 |a U.S. Congressional Hearings. 
856 4 0 |u http://proxy.library.tamu.edu/login?url=https://congressional.proquest.com/congcomp/getdoc?HEARING-ID=HRG-1970-ASH-0007  |z Connect to the full text of this electronic book  |t 0 
998 |a cis07000186 
999 |a MARS 
999 f f |s 7c2e0d26-03af-322f-9833-c59366c7077a  |i d1d2f9ec-cb27-3e7d-b050-a4aa03fc4383  |t 0 
952 f f |a Texas A&M University  |b College Station  |c Electronic Resources  |s www_evans  |d Available Online  |t 0  |e HRG-1970-ASH-0007  |h Other scheme 
998 f f |a HRG-1970-ASH-0007  |t 0  |l Available Online